000 00177 a2200097 4500
020 _a9780756611958
041 _aspa
100 _aRoyston, Angela
245 _aBomberos
942 _cBK
999 _c891
_d891